000 00745nam a2200253Ia 4500
003 OSt
005 20220925223318.0
006 a|||||r|||| 00| 0
007 ta
008 220923b |||||||| |||| 00| 0 eng d
037 _cGeneral Book
040 _aRTL
_cRTL
_beng
041 _2eng
_aeng
082 _aU3:(G:527), N7
100 _aJeffries Michael J
_9289422
245 0 _aBiodiversity and conservation
260 _aLondon
_bRoutledge
_c1997
300 _axv, 208p
_ccm.
490 _aRoutledge Introductions to Environment Series
500 _aBibliography: P 199-201; Glossary: P 183-90
650 _aBiogeography
942 _hU3:(G:527), N7
_cGB
_2CC
999 _c579234
_d579234